ბათუმის შოთა რუსთაველის სახელმწიფო უნივერსიტეტის ბიბლიოთეკა

პირის ღრუს ლორწოვანი გარსისა და ტუჩების დაავადებები. (ბიბ.ჩანაწერი № 34955)

000 -LEADER
fixed length control field 00970nam a2200229Ia 4500
001 - CONTROL NUMBER
control field 784
003 - CONTROL NUMBER IDENTIFIER
control field GE_BSU
008 - FIXED-LENGTH DATA ELEMENTS--GENERAL INFORMATION
fixed length control field 181216s||||||||xx |||||||||||||| ||und||
020 ## - INTERNATIONAL STANDARD BOOK NUMBER
International Standard Book Number 9992889047
040 ## - CATALOGING SOURCE
Transcribing agency GE_BSU
080 ## - UNIVERSAL DECIMAL CLASSIFICATION NUMBER
Universal Decimal Classification number 616.31(075.8)
245 ## - TITLE STATEMENT
Title პირის ღრუს ლორწოვანი გარსისა და ტუჩების დაავადებები.
245 ## - TITLE STATEMENT
Statement of responsibility, etc. რედ:ე. ბოროვსკი და ა. მაშკეილოსანი. ქართ. თარგმნის რედ. ლ. ჭელიძე. ა. კაციტაძე, კახაბერ ჭელიძე.
260 ## - PUBLICATION, DISTRIBUTION, ETC.
Place of publication, distribution, etc. თბილისი
260 ## - PUBLICATION, DISTRIBUTION, ETC.
Name of publisher, distributor, etc. მთაწმინდელი",
260 ## - PUBLICATION, DISTRIBUTION, ETC.
Date of publication, distribution, etc. 2003
300 ## - PHYSICAL DESCRIPTION
Extent 259 გვ.
653 ## - INDEX TERM--UNCONTROLLED
Uncontrolled term პირის ღრუს დაავადებები;
653 ## - INDEX TERM--UNCONTROLLED
Uncontrolled term ტუჩების დაავადებები;
942 ## - ADDED ENTRY ELEMENTS (KOHA)
Koha item type წიგნი
ეგზემპლარები
Withdrawn status Lost status Damaged status Not for loan Date acquired Barcode Date last seen Price effective from Koha item type
        2018-12-17 1913 2018-12-17 2018-12-17 წიგნი